[Event "Sinquefield Cup 2nd"]
[Site "Saint Louis"]
[Date "2014.09.02"]
[Round "6"]
[White "Carlsen, Magnus"]
[Black "Vachier Lagrave, Maxime"]
[Result "1/2-1/2"]
[WhiteElo "2877"]
[BlackElo "2768"]
[Annotator "Roiz,M"]
[PlyCount "102"]
[EventDate "2014.08.27"]
[EventType "tourn"]
[EventRounds "10"]
[EventCountry "USA"]
[EventCategory "23"]
[SourceTitle "CBM 162"]
[Source "ChessBase"]
[SourceDate "2014.09.17"]
[SourceVersion "1"]
[SourceVersionDate "2014.09.17"]
[SourceQuality "1"]

1. e4 c5 2. Nc3 Nc6 {This move could be a surprise for Magnus, since the
Najdorf is the main Sicilian weapon of his opponent.} 3. Nf3 g6 4. d4 cxd4 5.
Nxd4 Bg7 6. Be3 Nf6 7. Bc4 O-O 8. Bb3 Qa5 {The main idea of this move is
preventing White from building up an aggressive Dragon setup with 9.f3, 10.Qd2
and 11.0-0-0.} ({Black has a large choice of alternatives here. The most
common are:} 8... d6) (8... a5) ({and} 8... Ng4) 9. f3 (9. O-O {is more
popular and leads to a long strategic battle. In the following game Magnus
Carlsen had an excellent position playing on the Black's side:} d6 10. h3 (10.
Nd5 Re8 11. Nxf6+ Bxf6 12. c3 Ne5 13. h3 Qa6 14. Nc2 Nd3 15. Qf3 Be6 16. Bd4
Bxd4 17. Nxd4 Bc4 $11 {1-0 Grischuk,A (2764)-Ivanchuk,V (2757)/London ENG 2013
(39)}) 10... Bd7 11. f4 Nxd4 12. Bxd4 Bc6 13. Qd3 Nd7 14. Bxg7 Kxg7 15. Nd5 $6
Qc5+ 16. Kh1 e6 17. Nc3 Nf6 18. Rad1 Rad8 19. f5 Qe5 $15 {1-0 Morozevich,A 
(2760)-Carlsen,M (2864)/Moscow RUS 2013 (53)}) 9... e6 $5 {An interesting way
to change the character of play. Maxime is ready for the creation of an
isolated pawn, while Black's pieces are becoming quite active.} (9... d5 10.
exd5 Nb4 11. Qd2 Nbxd5 12. Nxd5 Qxd2+ 13. Kxd2 Nxd5 14. Bxd5 Rd8 {doesn't
fully equalise:} 15. c4 e6 16. Be4 Bxd4 17. Bxd4 Rxd4+ 18. Kc3 $14) (9... d6
10. Qd2 {would transpose to ''Dragon stuff''.}) 10. O-O (10. Qd2 d5 11. exd5
Nxd5 12. Bxd5 exd5 13. O-O-O Be6 $11 {0-1 Lopez Gracia,F (2218)-De la Villa
Garcia,J (2466)/Zaragoza 2001}) 10... d5 11. exd5 exd5 $6 {A serious
inaccuracy. The knight is not placed well on f6, so the dark-squared bishop
remains quite useless. In such a situation, White's pressure on the isolated
pawn becomes annoying.} (11... Nxd5 12. Nxd5 (12. Bxd5 exd5 13. Qd2 Re8 14.
Rad1 Be6 $11) 12... exd5 13. c3 Re8 14. Re1 (14. Qd2 Ne5 15. Bh6 Nc4 16. Bxc4
Bxh6 17. Qxh6 dxc4 18. Rfe1 Bd7 $11) 14... Nxd4 15. Bxd4 Rxe1+ 16. Qxe1 Bxd4+
17. cxd4 Qd8 {Black should be able to neutralise White's slight pressure.}) 12.
Qd2 Re8 13. Rad1 $146 {A natural novelty in a rare position.} ({White's
advantage is also indisputable after:} 13. Rfe1 Be6 14. Bf2 $14 (14. Nxc6 $6
bxc6 15. Nxd5 Qxd2 16. Nxf6+ Bxf6 17. Bxd2 Bxb2 $11 {0-1 Distaso,A (1974)
-Georgiev,V (2586)/Campobasso 2010/EXT 2013 (63)})) 13... Bd7 14. Nxc6 {
For some reasons, White prefers to change the pawn structure.} ({The weak Pd5
would be quite vulnerable after} 14. Bf2 $5 Rad8 15. Rfe1 Rxe1+ 16. Rxe1 $14 ({
Or} 16. Qxe1 $14)) 14... bxc6 {GM Vachier Lagrave doesn't mind to getting rid
off his isolated pawn. Still, Black's position is rather passive, while White
has full control of the dark squares.} (14... Bxc6 15. Bd4 Qc7 16. Rfe1 $14)
15. Nxd5 {Perhaps, Carlsen's decision on the previous move was connected with
a concrete approach.} ({Another way to handle the position was:} 15. Rfe1 $5
Re5 16. Na4 Qxd2 17. Bxd2 Rae8 18. Kf2 $14) 15... Qxd2 16. Nxf6+ Bxf6 17. Bxd2
({After} 17. Rxd2 {Black's best practical decision should be:} Rxe3 (17... Be6
18. Kf2 (18. Ba4 Rac8 19. Bxa7 Bxb2 20. Bf2 $14) 18... Bxb2 19. Rfd1 $14) 18.
Rxd7 Re7 19. Rfd1 Rae8 20. c3 Rxd7 21. Rxd7 Re7 22. Rd6 Bg5 23. Rxc6 Bc1 $14 {
the character of play here is similar to the text.}) 17... Bxb2 {Correctly
accepting the challenge.} ({After} 17... Be6 $6 18. Bc1 $1 Bxb3 19. cxb3 $16 {
there would be no compensation for a pawn.}) 18. Bc3 Bxc3 19. Rxd7 Rf8 {
A sad necessity.} 20. Rfd1 $14 {White's advantage is clear in this endgame,
but Black has definite drawing chances.} Kg7 (20... a5 21. Rc7 a4 22. Bc4 $14)
21. Rb7 {Magnus is trying to keep both rooks on the board.} ({It was possible
to win a pawn immediately:} 21. Rc7 Ba5 22. Rxc6 Rac8 23. Rcd6 Rfd8 $14 {
but this would allow Black to release the pressure.}) 21... Ba5 {Bringing the
bishop to a secure spot.} (21... g5 22. Rd6 (22. Rdd7 Rad8 23. Rxf7+ Rxf7 24.
Rxf7+ Kg6 25. Rc7 $14) 22... Rac8 23. g3 Ba5 24. Kg2 $14) 22. Rdd7 Bb6+ 23. Kf1
Rad8 {Now White cannot avoid an exchange.} 24. Rxd8 Rxd8 25. Rxf7+ Kh8 26. Ke2
Re8+ {Black's moves are quite forced now - otherwise White may make progress.}
27. Kd3 Rd8+ 28. Kc3 Ba5+ {This move seems inaccurate, as it allows White to
activate the king.} ({After} 28... Rd1 $142 29. g4 h5 (29... Rh1 30. Rf6 Rxh2
31. Rxc6 Re2 32. Kb4 $16) 30. gxh5 gxh5 31. Rf5 Kg7 32. Rxh5 Kg6 33. Rh4 Rf1 {
White has 2 extra pawns, but the activity of Black's rook makes the task
difficult.}) 29. Kb2 ({There was no reason to deviate from} 29. Kc4 $1 Bb6 30.
Rf6 Rd2 ({or} 30... c5 31. Kb5 Rd2 32. g4) 31. g4 c5 32. Kb5 Rxh2 33. g5 h6 34.
Rxg6 hxg5 35. Rxg5 $16 {with excellent winning chances.}) 29... Bb6 30. g4 Rd2
31. h4 (31. g5 h5 32. gxh6 Rxh2 33. Ba4 c5 $14) 31... Rh2 {Now White cannot
avoid the simplifications.} 32. Ba4 (32. g5 h5 33. gxh6 Rxh4 34. a4 Rxh6 $14)
32... h5 (32... Rxh4 33. Bxc6 h5 34. gxh5 gxh5 35. Be4 {leads to the text.})
33. gxh5 Rxh4 34. Bxc6 gxh5 35. Be4 {Black is still in danger, but the passed
h-pawn is an important factor now.} Rh1 36. f4 ({After} 36. c4 h4 37. Rh7+ Kg8
38. Rh5 h3 39. c5 Bc7 40. c6 Kf8 $1 (40... h2 41. f4 Rf1 42. Rxh2 Rxf4 43. Bd5+
Kg7 44. Re2 Rd4 45. Bh1 Kf6 {is less clear}) 41. Rh7 h2 {Black should be able
to save a half point. For instance:} 42. Rxc7 Rb1+ 43. Bxb1 h1=Q 44. Rh7 Qg2+
45. Bc2 Qxf3 46. c7 Qf6+ 47. Kb3 Qf3+ 48. Kb4 Qf4+ 49. Kb5 Qe5+ 50. Kc6 Qe6+
51. Kb7 Qd5+ 52. Kb8 Qb5+ $11) 36... Rh3 37. c3 ({It looks like} 37. c4 $5 {
was the best chance:} Bd4+ 38. Kc2 Rc3+ 39. Kd2 Rxc4 40. Rh7+ Kg8 41. Rxh5 Ra4
42. Bd5+ Kg7 $14 {Some accuracy is required, but a draw is the most probable
result here.}) 37... h4 38. f5 ({After} 38. Kb3 Re3 39. Bf5 Ba5 40. Rh7+ Kg8
41. Rxh4 Rxc3+ 42. Ka4 Bd8 43. Be6+ Kg7 44. Rg4+ Kf6 45. f5 Bb6 {White could
hardly make any progress either.}) (38. Kc2 Re3 39. Bf5 Kg8 40. Rh7 Ba5 {
is more or less the same.}) 38... Re3 $11 {Now Black has sufficient
counterplay.} 39. Re7 (39. Bd5 Rd3 40. Be6 h3 41. f6 Rf3 {is safe for Black as
well}) 39... Ba5 (39... Bc5 40. Re6 h3 41. f6 Kg8 $11) 40. c4 h3 41. Re6 {
The only way to stop the h-pawn.} h2 (41... Kg7 42. Bd5 Rxe6 43. fxe6 Kf6 $11)
42. Bd5 Rxe6 43. fxe6 Bd8 44. Kb3 Kg7 {Of course, White has only a symbolic
advantage here.} 45. Kb4 Kf6 46. Kb5 h1=Q (46... Be7 47. Kc6 (47. c5 Ke5 $11)
47... Ke5 48. Kd7 Kf6 $11) 47. Bxh1 Kxe6 48. c5 Kd7 49. Ka6 Kc7 50. Kxa7 Be7
51. c6 Bc5+ {White's 2 extra pawns are of no value, so a draw was agreed.}
1/2-1/2

[Event "EU-ch 6th"]
[Site "Warsaw"]
[Date "2005.06.28"]
[Round "10"]
[White "Fedorov, Alexei"]
[Black "Malakhov, Vladimir"]
[Result "1-0"]
[WhiteElo "2602"]
[BlackElo "2670"]
[Annotator "Roiz,M"]
[PlyCount "67"]
[EventDate "2005.06.18"]
[EventType "swiss"]
[EventRounds "13"]
[EventCountry "POL"]
[SourceTitle "CBM 108"]
[Source "ChessBase"]
[SourceDate "2005.09.26"]
[SourceVersion "1"]
[SourceVersionDate "2005.09.26"]
[SourceQuality "1"]

1. e4 c5 2. Nf3 Nc6 3. Nc3 g6 4. d4 cxd4 5. Nxd4 Bg7 6. Be3 Nf6 7. Bc4 Qa5 ({
Another common line here is-->} 7... O-O 8. Bb3 a5 9. O-O d6 {which was played
by Malakhov as well.}) 8. O-O O-O 9. Bb3 d6 {A fashionable line. Now white has
to parry 10...Ng4 threat. At this moment 10.f3 doesn't make sence,since
usually f2-f4 advancement is white's main plan in this system.} 10. h3 Bd7 11.
Re1 Rac8 {[%cal Gc6e5,Ge5c4] Preparing a typical counterplay along the ''c''
file.} ({Another theoretical continuation here is:} 11... Rfe8 {protecting the
Pe7.}) 12. Nf3 $5 {In this concrete position this move was played for the
first time. At the same time,the real novelty comes later!} ({The immediate} 
12. Nd5 {doesn't promise white much:} Nxd5 13. exd5 Ne5 14. c3 Rfe8 15. Qd2 Qa6
16. Qe2 Qxe2 17. Rxe2 h6 18. Rd1 a5 $11 {0-1 Neiksans,A-Kulaots,K/Liepaya LAT
2004 (37)}) ({But deserves a serious attention} 12. Qd2 $5 Rfe8 13. Rad1 a6 14.
Nf3 b5 15. Bh6 Nd8 (15... Bh8 16. Ng5 Ne5 17. f4 Nc4 18. e5 Nh5 19. Qf2 Ng7 20.
g4 $36 {1-0 Jansa,V-Watson,W/Gausdal 1988/EXT 97 (30)}) 16. Nd4 Rc5 17. a3 Bxh6
18. Qxh6 Rh5 19. Qf4 $14 {1-0 Tal,M-Hansen,C/Reykjavik 1986/EXT 2000 (31)})
12... Qh5 {I don't like that move,as the queen has no much job on the
king-side.} ({I would prefer:} 12... Rfe8 $5) 13. Qe2 {[%cal Ga1d1]} a6 14.
Rad1 Ne5 $2 $146 {Black wants to simplify the position,but now white gets a
good tactical perspectives which connected with f2-f4 and e4-e5 advance.} ({
Deserved attention an attempt to libereate the queen by g6-g5:} 14... h6 15.
Bc1 $6 (15. Bb6 $14) 15... g5 16. Nd5 Nxd5 17. exd5 Ne5 18. Nxe5 Qxe2 19. Rxe2
Bxe5 20. c3 a5 $11 {1/2-1/2 Vogt,L-Kaplan,J/Stockholm 1969/EXT 2001 (49)}) ({
Possible was also:} 14... b5 $5 15. Bf4 $5 ({Nothing promises:} 15. Nd5 $6 {
[%csl Rh5][%cal Gd5f4]} Nxd5 (15... Nxe4 16. Nb6 $16 Rcd8 $140 $2 17. Nxd7 Rxd7
18. Bd5 $18 {[%csl Rc6,Re4]}) 16. exd5 Ne5 17. Nxe5 Qxe2 18. Rxe2 Bxe5 19. Bd4
Bxd4 20. Rxd4 Rfe8 $11) 15... Rfd8 16. Nd5 {[%cal Gd5f6,Gd1d5] Intending to
disturb the Qh5} h6 $1 $14) 15. Nxe5 Qxe5 ({After} 15... Qxe2 16. Rxe2 dxe5 17.
Nd5 Nxd5 18. Bxd5 $16 {white has a clear advantage thanks to majority of the
queen-side pawns.}) 16. f4 Qa5 {This ''poor'' queen couldn't find a safe place
on the board!} (16... Qh5 $2 17. e5 Qxe2 (17... dxe5 $2 18. Qxh5 {[%csl Rd7]}
gxh5 19. fxe5 $18) 18. Rxe2 Ne8 19. Nd5 $18) 17. Qf2 $6 {[%csl Ra5,Rb6][%cal
Gf2b6,Ge3b6] That immediate attempt to use the vulnerablity of Qa5 is not bad,
but white had a stronger way!} ({Good enough was also:} 17. Bd4 e5 18. fxe5
dxe5 19. Bf2 $14 {with a permanent pressure}) ({But the strongest was:} 17. Bf2
$1 {[%cal Ge4e5]} Bc6 (17... Nh5 18. Nd5 $16) 18. e5 Nh5 19. Nd5 Bxd5 20. Rxd5
Qc7 21. Qf3 $16) 17... Rxc3 $5 {That sacrifice wasn't necessary,but black is
trying to change the character of position.} ({Possible was:} 17... Bc6 $5 18.
Bb6 Qh5 $14) 18. Bd2 {Ofcourse,white prefers to take the rook with Bd2.} ({
Nothing special promised:} 18. Bb6 Qh5 19. bxc3 Nxe4 $1 20. Rxe4 Qxd1+ 21. Re1
Qh5 22. Rxe7 Bc6 $14) 18... Rxb3 $2 {An additional sacrifice,which however,was
connected with a blunder.} ({At the same time,black could reach some
compensation for an exchange after:} 18... Rxc2 $1 19. Bxa5 (19. Bxc2 Qxa2 $132
) 19... Rxf2 20. Kxf2 Bc6 21. Bc2 Nd7 $14) 19. Bxa5 Rxb2 20. e5 $1 ({Less
convincing would be:} 20. Bc3 Nxe4 21. Rxe4 Bxc3 22. Rxe7 Bf5 $16 {/+- and
black's strong bishops leave some drawish chances.}) 20... Ne8 21. Bd8 $1 $18 {
[%csl Rd6,Re7] Black cannot avoid an additional loss of material,so the the
game ends quickly.} Kh8 22. Bxe7 Rg8 23. Bxd6 Rxa2 {Black has only 2 pieces
for a queen,so the rest looks like an agony.} 24. Be7 ({White could simplify
the position by:} 24. Bf8 Bf5 25. Bxg7+ Nxg7 26. Qb6 $18) 24... Bc6 (24... Bf5
25. Re2 $18 {[%cal Gg2g4]}) 25. Ra1 {Echanging the only active piece of black!}
Rxa1 26. Rxa1 Nc7 27. Qh4 {[%cal Ge7f6]} Nd5 28. c4 Ne3 ({or} 28... Nxe7 29.
Qxe7 Re8 30. Qxf7 Rf8 31. Qc7 Rxf4 32. Rf1 $18 {and the Pe5 will decide the
game.}) 29. Bf6 Re8 ({Black cannot even take the Pg2:} 29... Nxg2 30. Bxg7+
Rxg7 31. Qd8+ Rg8 32. Qf6+ Rg7 33. Kf2 {[%csl Rg2][%cal Ga1g1] and the knight
is trapped.}) 30. g4 Kg8 ({The Pc4 was also poisoned:} 30... Nxc4 31. Qh6 $1
Rg8 32. Rd1 $18 {[%cal Gd1d8]}) 31. Bxg7 Kxg7 32. Rc1 Ng2 33. Qf6+ Kg8 34. Rd1
1-0

[Event "WchT 11th"]
[Site "Khanty-Mansiysk"]
[Date "2017.06.25"]
[Round "8.3"]
[White "Sasikiran, Krishnan"]
[Black "Matlakov, Maxim"]
[Result "1/2-1/2"]
[WhiteElo "2669"]
[BlackElo "2714"]
[Annotator "Sagar Shah"]
[PlyCount "94"]
[EventDate "2017.06.17"]
[EventType "team-tourn"]
[EventRounds "9"]
[EventCountry "RUS"]
[SourceTitle "CBM 179"]
[Source "ChessBase"]
[SourceDate "2017.07.12"]
[SourceVersion "1"]
[SourceVersionDate "2017.07.12"]
[SourceQuality "1"]
[WhiteTeam "India"]
[BlackTeam "Russia"]
[WhiteTeamCountry "IND"]
[BlackTeamCountry "RUS"]

{This was the important board three clash between India and Russia. On top
board Vidit Gujrathi was pushing against Svidler but the game ended in a draw.
On board two Nepomniachtchi and Adhiban drew their game. Parimarjan Negi was
up against Vladimir Fedoseev on the fourth board and the position in their
game was equal for quite some time. Naturally, this game on the third board
was quite important.} 1. e4 c5 2. Nf3 Nc6 3. Nc3 {Maybe Sasikiran was in a
mood to face the Sveshnikov.} g6 {Matlakov goes for the Accelerated Dragon.} 4.
d4 cxd4 5. Nxd4 Bg7 6. Be3 {Usually the Maroczy bind is preferred at the
highest level against the Accelerated Dragon. But with the move order that
Sasikiran chose, this was no longer a possibility.} Nf6 7. Bc4 Qa5 $5 {With
this queen sortie, Black makes his intentions clear. He is preventing White
from castling on the queenside.} 8. O-O {You can say that Matlakov was happy
to see this move. Now it is not going to be a crazy opposite side castling
pawn race such as happens in the Dragon.} (8. Qd2 $2 Nxe4 $1 9. Nxc6 (9. Nxe4
Qxd2+ 10. Kxd2 Bxd4 $17) 9... Qxc3 $1 {is the nice move that gives Black the
advantage.} 10. Qxc3 (10. bxc3 Nxd2 $17) 10... Bxc3+ 11. bxc3 bxc6 $15) (8. f3
Qb4 $1 9. Bb3 $2 Nxe4 $1 {Black wins a pawn.} 10. Nxc6 Bxc3+ 11. bxc3 Qxc3+ 12.
Ke2 dxc6 13. Bd4 e5 $1 {These are all the little tactics that usually the
Black players are aware of when they play this line.} 14. Bxc3 Nxc3+ $19) 8...
O-O 9. Bb3 d6 10. h3 {This move is mainly aimed at stopping ...Ng4 when White
moves his queen to d2 connecting the rooks.} Bd7 11. Re1 $5 (11. f4 {is the
other main move in the position.}) 11... Rac8 12. Qd2 Qa6 $146 {A new move by
Matlakov and made quite quickly by him. This shows that he was quite well
prepared. The main idea of this move is to vacate the a5-square for the knight
and go for Na5-c4 and also to play b7-b5,} ({Usually games continue:} 12...
Rfe8 13. Rad1 Nxd4 14. Bxd4 Bc6 15. Bxf6 (15. Qe3 Nd7 16. Qf4 Rf8 17. Bxg7 Kxg7
18. Nd5 Rce8 19. h4 h5 20. c3 Ne5 21. Ne3 Qc5 22. Nf5+ gxf5 23. Qg5+ Kh7 24.
Qxh5+ Kg7 25. Qg5+ Kh7 26. Qh5+ Kg7 27. Qg5+ Kh7 {1/2-1/2 (27) Charbonneau,P 
(2505) -Perelshteyn,E (2543) Ledyard 2009}) 15... Bxf6 16. Nd5 Qxd2 17. Nxf6+
exf6 18. Rxd2 d5 $1 19. Bxd5 Bxd5 20. Rxd5 Rxc2 $15 {1/2-1/2 (29) Kotronias,V 
(2524)-Mamedov,R (2688) Moscow 2017}) 13. f4 ({It was better to start with the
rook first because anyway you want it on d1. Now ...b5 is not so good.} 13.
Rad1 b5 $6 (13... Rfe8 14. f4 $14) (13... Rfd8 14. f4 {transposes to the game})
14. Ndxb5 Nxe4 15. Nxe4 Qxb5 {The rook being on d1 instead of a pawn on f4
completely changes the assessment of the position because White can
immediately begin to put pressure on the backward e7-pawn.} 16. Bg5 $1 Bxb2 $4
{The pawn cannot be taken because of} 17. c4 $18) 13... Rfd8 (13... b5 $1 14.
Ndxb5 Nxe4 15. Nxe4 Qxb5 {and Black has equalised.} 16. Rad1 Na5 $11) 14. Rad1
b5 $2 {This is just a pawn blunder. It is quite possible that Matlakov was
trying to remember his preparation that ...b5 was possible. But here he did so
without checking the concrete details of the position. As it turns out, it
just loses a pawn.} 15. Ndxb5 $1 Nxe4 16. Qd5 $1 {A simple tactical miss by
Matlakov. e4 and f7 both are attacked.} Nf6 17. Qxf7+ {Well after winning a
pawn like this one would imagine that Sasi would win the game. But Maxim put
up quite a spirited defence.} Kh8 18. Qc4 {Quite a logical move. The queen
comes back with the loot.} Qb7 19. Qe2 (19. Nd4 $1 $16 {It always seems a
little dangerous to have your queen lined up against your opponent's rook, but
here it is simply not possible for Black to take advantage of this fact.} Nxd4
20. Qxd4 {And now the queen bravely faces a discovered attack by the bishop.}
Ng4 21. hxg4 $1 Bxd4 22. Bxd4+ e5 23. Rxe5 $1 $18 {It's all over.}) 19... Rf8 {
Sometimes when the roof of your house collapses, it just makes sense to enjoy
the view and breeze! Here, Black could have been sad about losing a key pawn
like f7, but instead he makes use of that fact to his own advantage and tries
to activate the rook.} 20. Rf1 $6 ({There was still time to get the knight
back in the game.} 20. Nd4 Nh5 21. Ne6 {An open centre where the play mainly
revolves around piece activity more than pawn activity. Whoever goes after it,
never lands up empty handed!} Bxe6 22. Bxe6 Rb8 23. Nd5 $1 {In this open
position with the bishop pair in hand, losing the pawn back should not be a
big tragedy.} Qxb2 (23... Bxb2 24. c3 $16) 24. Qc4 Nd8 (24... Qb5 25. Qxb5 Rxb5
26. g4 Nd8) 25. Bc1 Qb5 26. Qxb5 Rxb5 27. g4 $1 $16 Nxe6 28. Rxe6 Nf6 29. Nxe7
$16 {Finally converting the advantage of double bishops and piece activity
into a material advantage.}) 20... Nh5 21. Rf3 {From this point onwards, Black
starts some forcing play, which results in mass exchanges and the position
petering out into a small edge for White, but very close to equality.} a6 22.
Nd4 Nxd4 23. Bxd4 Bc6 (23... Nxf4 24. Bxg7+ Kxg7 25. Qxe7+ $18) 24. Bxg7+ Kxg7
25. Nd5 Bxd5 26. Bxd5 Qa7+ {The queen moves away from the attack by the bishop
and keeps the e7-pawn defended.} 27. Qe3 (27. Kh1 Nxf4 $11) 27... Qxe3+ 28.
Rxe3 Rxc2 {Usually Sasikiran is very good when he gets an advantage. He is
able to milk it well and bring home the full point. But in Khanty Mansiysk,
his technique had deserted him. Just like what you can see here. From a
position a clear pawn, things have got out of hand and Black has excellent
drawing chances.} 29. Rxe7+ Kh6 30. f5 {A good try to confuse Black.} Rxb2 (
30... gxf5 31. Bf3 $1 Rxb2 32. Rxd6+ Nf6 33. Rxa6 $16) (30... Rxf5 31. g4 Rg5
32. Bg8 $1 Nf6 33. Bb3 Rxb2 34. Rxd6 {The knight is unusually trapped.} Nxg4 $1
{Giving back the piece.} 35. hxg4 Rxg4+ 36. Kf1 Rf4+ 37. Ke1 Rh4 {and I am not
sure if white can convert his advantage. For example} 38. Rf7 a5 39. Rdd7 Rh1+
40. Rf1 Rhh2 $44 {should be a draw.}) 31. Be4 (31. Rb7 $5 {Exchanging Black's
most active piece could have helped.} Rxb7 32. Bxb7 Rxf5 33. Bxa6 Ra5 34. Bc4
Ra4 35. Bb3 Ra6 {This seems like a position where White can try for an
advantage. He has the bishop against the knight and also the outside passed
pawn.}) 31... Ng3 32. fxg6 hxg6 33. Rxd6 Nxe4 34. Rxe4 Rxa2 35. Ree6 Rg8 36.
Rxa6 Rxa6 37. Rxa6 {This is just a draw.} Rb8 38. Rf6 Rb3 39. Kh2 Kg5 40. Rf3
Rxf3 $1 {Matlakov knows his pawn endgames.} 41. gxf3 Kf4 42. Kg2 g5 43. Kf2 Ke5
(43... Kf5 44. Kg3 Ke5 45. Kg4 Kf6 $11 {And even here it is not feasible for
White to win.}) 44. Kg3 Kf5 45. h4 gxh4+ 46. Kxh4 Kf4 47. Kh5 Kxf3 {A great
fight by Matlakov. Thanks to this draw, Russia was able to beat India with a
score of 2.5-1.5. The first three boards ended in a draw and Negi was unable
to hold his game against Fedoseev.} 1/2-1/2